| 000 | 01063cam a2200337 a 4500 | ||
|---|---|---|---|
| 999 |
_c522607 _d522607 |
||
| 001 | 12805650 | ||
| 003 | NUST | ||
| 005 | 20181210051937.0 | ||
| 008 | 020318s2002 pk b 001 0 eng | ||
| 010 | _a 2002341058 | ||
| 020 | _a0195797671 | ||
| 025 | _aP-E-2002341058; 07 | ||
| 035 | _a(DLC) 2002341058 | ||
| 038 | _awaseem | ||
| 040 |
_aDLC _cDLC _dDLC |
||
| 042 | _alcode | ||
| 043 |
_aa-ii--- _aa-pk--- |
||
| 050 | 0 | 0 |
_aDS485.K27 _bL36 2002 |
| 082 | 0 | 0 |
_a954.6 _bLAM |
| 100 | 1 |
_aLamb, Alastair, _d1930- _95526 |
|
| 245 | 1 | 0 |
_aIncomplete partition : _bthe genesis of the Kashmir dispute, 1947-1948 / _cAlastair Lamb. |
| 260 |
_aKarachi : _bOxford University Press, _c1999. |
||
| 300 |
_axv, 373 p. : _bmaps ; _c25 cm. |
||
| 500 | _aIncludes index. | ||
| 651 | 0 |
_aJammu and Kashmir (India) _xHistory. _95527 |
|
| 651 | 0 |
_aIndia _xForeign relations _zPakistan. _91644 |
|
| 651 | 0 |
_aPakistan _xForeign relations _zIndia. _91645 |
|
| 906 |
_a7 _bcbc _corigode _d3 _encip _f20 _gy-gencatlg |
||
| 942 |
_2ddc _cBK |
||